00952nam a2200229 a 450000100100000000500170001000800410002702000150006804000250008308200150010810000250012324502450014826000410039330000360043450000280047070000250049870000360052370000240055904900090058395201130059299900170070500002313720200930022019.0101126s1998 ag ab r 000 | spa d a9500714078 aDO-SdBNPbspacBNPHU axxxbL182t1 aLaguna, Justo94764010aTodos los caminos conducen a Jerusalem ... y también a Roma :bun obispo y un rabino latinoamericano peregrinan juntos por primera vez /cJusto Laguna; Mario Rojzman; edición a cargo de Patricia Narváez; coordinación de Diego Mileo. aBuenos Aires :bSudamericana,c1998. a187 p. :bil. , mapas ;c22 cm. aIncluye bibbliografía1 aMario Rojzman9476411 aNarváez, Patriciaeed.9476421 aMileo, Diego947643 aBNGR 001050718MOaGRbGRcCTd2010-11-26iLF1l0oxxx L182tp23137-10r2020-06-25w2020-06-25y1ZNo se presta c22634d22634